000
00250 a2200097 4500
001
32160
100
_a
Malyshcv,Veniamin Vasilyevich
245
_a
Optimization of Observation and control process
260
_a
USA
_b
AIAA
_c
1992
090
_c
21605
_d
21605
942
_a
NUST-CAE
_c
M
_c
12898
999
_c
267233
_d
267233